| 000 | 00569nam a2200205Ia 4500 | ||
|---|---|---|---|
| 003 | IEPS | ||
| 005 | 20250703135318.0 | ||
| 008 | 250223s9999||||xx |||||||||||||| ||und|| | ||
| 020 | _a9789770318625 | ||
| 040 | _CIEPS | ||
| 041 | _aara | ||
| 082 | _a615.82 | ||
| 100 | _aرشدي محمد عادل | ||
| 245 | 0 | _aالتمرينات الطبية و امراض العصر | |
| 260 |
_aالاسكندرية _bمنشأة المعارف بالاسكندرية _c2011 |
||
| 300 |
_a433 ص. _c24 سم. |
||
| 653 | _aالصحة | ||
| 653 | _aالطب | ||
| 942 | _cكتاب | ||
| 999 |
_c13355 _d13355 |
||